000 00366nam a2200145Ia 4500
008 230917s9999||||xx |||||||||||||| ||und||
040 _e47654
_aMAIN
041 _aEnglish
082 _a823.08 O1I
100 _aO'Faolain, Eileen
245 0 _aIrish sagas and folk-tales
260 _aLondon
_bOxford University Press
_c1957
300 _aix, 245 p.
942 _cBK
999 _c187309
_d187309